| 000 | 00390 a2200133 4500 | ||
|---|---|---|---|
| 001 | 87848 | ||
| 082 | _aPR 225 | ||
| 090 |
_c41310 _d41310 |
||
| 100 | _aFarhan Shakil, Plt Off 14793 65 EC | ||
| 245 | _aModification of electric rudder trim system of super Mushshak aircraft | ||
| 260 |
_aRisalpur _bNUST Risalpur _c2008 |
||
| 300 |
_axx, 160p. _eShakeel Safdar |
||
| 500 | _aBE Project Reports | ||
| 942 |
_aCAE NUST _kPR 225 |
||
| 999 |
_c322921 _d322921 |
||